header

The laws of simplicity (Record no. 137694)

MARC details
000 -LEADER
fixed length control field 01266nam a22003374a 4500
082 04 - DEWEY DECIMAL CLASSIFICATION NUMBER
Classification number 650.1
100 1# - MAIN ENTRY--AUTHOR NAME
Personal name Maeda, John.
245 14 - TITLE STATEMENT
Title The laws of simplicity
260 ## - PUBLICATION, DISTRIBUTION, ETC. (IMPRINT)
Place of publication Cambridge, Mass. :
Name of publisher MIT Press,
Year of publication c2006.
300 ## - PHYSICAL DESCRIPTION
Number of Pages ix, 100, [6] p. :
Other physical details ill.
500 ## - GENERAL NOTE
General note "Design, technology, business, life."
650 #0 - SUBJECT ADDED ENTRY--TOPICAL TERM
Topical Term Systems engineering.
856 40 - ELECTRONIC LOCATION AND ACCESS
Uniform Resource Identifier http://site.ebrary.com/lib/rucke/Doc?id=10173678

No items available.

© 2026 Rongo University
Contact us: librarian | system librarian | Rongo university